El último austro-húngaro (Record no. 91844)

MARC details
000 -LEADER
campo de control de longitud fija 00785nam a2200241 i 4500
001 - NÚMERO DE CONTROL
campo de control 91844
003 - IDENTIFICADOR DE NÚMERO DE CONTROL
campo de control ES-MaACL
005 - FECHA Y HORA DE LA ÚLTIMA TRANSACCIÓN
campo de control 20231226133727.0
007 - CAMPO FIJO DE DESCRIPCIÓN FÍSICA--INFORMACIÓN GENERAL
campo de control de longitud fija t|
008 - DATOS DE LONGITUD FIJA--INFORMACIÓN GENERAL
campo de control de longitud fija 050223s1981 sp ||||1| spa d
020 ## - NÚMERO INTERNACIONAL ESTÁNDAR DEL LIBRO
Número Internacional Estándar del Libro 84-339-1017-5
080 ## - NÚMERO DE LA CLASIFICACIÓN DECIMAL UNIVERSAL
Número de la Clasificación Decimal Universal 791.44 Berlanga, Luis.072.3
100 1# - ENTRADA PRINCIPAL--NOMBRE DE PERSONA
Nombre de persona Henández Les, Juan.
9 (RLIN) 62505
245 13 - MENCIÓN DEL TÍTULO
Título El último austro-húngaro
Resto del título : conversaciones con Berlanga /
Mención de responsabilidad, etc. Juan Hernández Les, Manuel Hidalgo.
260 ## - PUBLICACIÓN, DISTRIBUCIÓN, ETC.
Lugar de publicación, distribución, etc. Barcelona :
Nombre del editor, distribuidor, etc. Anagrama,
Fecha de publicación, distribución, etc. [1981]
300 ## - DESCRIPCIÓN FÍSICA
Extensión 157 p. ;
Dimensiones 20 cm.
490 1# - MENCIÓN DE SERIE
Mención de serie Cinemateca Anagrama ;
Designación de volumen o secuencia 17
600 17 - PUNTO DE ACCESO ADICIONAL DE MATERIA--NOMBRE DE PERSONA
Nombre de persona García Berlanga, Luis,
Fechas asociadas al nombre 1921-2010
Fuente del encabezamiento o término embne
9 (RLIN) 171047
700 1# - ENTRADA AGREGADA--NOMBRE PERSONAL
Nombre de persona Hidalgo, Manuel.
9 (RLIN) 63576
830 0# - PUNTO DE ACCESO ADICIONAL DE SERIE-TÍTULO UNIFORME
Título uniforme Cinemateca Anagrama ;
Designación de volumen o secuencia 17
9 (RLIN) 184158
852 ## - LOCALIZACIÓN
Ubicación ES-MaACL
Número de control de estantería L-28895
Sublocalización o colección R.135166
Holdings
Estatus retirado Estado de pérdida Estado de daño No para préstamo Biblioteca de origen Biblioteca actual Ubicación en estantería Fecha de adquisición Fuente de adquisición Total de préstamos Signatura topográfica completa Código de barras Visto por última vez Precio de reemplazo Tipo de ítem Koha
        Biblioteca del Ateneo de Madrid Biblioteca del Ateneo de Madrid Depósito 2 17/01/2008     L-28895 1095895 23/02/2023 23/02/2023 Libro impreso